000 00374 a2200169 4500
001 175328
020 _a85-329-0130-1
040 _cMagnum
100 _aLasmar, Idárci Esteves
240 1 0 _aEspaço em construção 2
_lpor
245 1 0 _aEspaço em construção 2
300 _a180
362 0 _a1995
440 1 _a
697 _aGEOGRAFIA DO BRASIL
942 _cBK
999 _c175328
_d175328